000 00989nam a22002297a 4500
005 20240530110602.0
008 161011s2014 ua fbkaf b 000 0 ara d
017 _a2014/21680
_bمصر. دار الكتب
020 _a978977910034
040 _aEG-CaGPL
_cEG-CaGPL
082 0 4 _221
_a962.16
_bق/م و
100 0 _aمحمد حسام الدين اسماعيل .
245 1 0 _aوجه مدينة القاهرة من ولاية محمد على حتى نهاية حكم اسماعيل ( 1805 - 1879 م ) /
_cمحمد حسام الدين اسماعيل .
250 _aط1.
260 _aالقاهرة :
_bالهيئة المصرية العامة للكتاب ،
_c2014 .
300 _a508 ص :
_bايض ؛
_c24 سم .
651 0 7 _aالقاهرة
_xتاريخ .
651 0 7 _aمصر
_xتاريخ
_yالعصر الحديث
_yعصر محمد على .
651 0 7 _aمصر
_xتاريخ
_yالعصر الحديث
_yعصر اسماعيل .
942 _2ddc
_cBK
999 _c62689
_d62689